| 000 | 00544nam a22001697a 4500 | ||
|---|---|---|---|
| 005 | 20231103072608.0 | ||
| 008 | 231103b |||||||| |||| 00| 0 eng d | ||
| 020 | _a0409026921 | ||
| 041 | _aEnglish | ||
| 082 | _a346.6 EIS | ||
| 100 |
_aEiselen, S and Pienaar, G _lEnglish |
||
| 245 |
_aUnjustified Enrichment - A Casebook / _cS Eiselen and G Pienaar |
||
| 260 |
_aDurban : _bButterworth Publisher (Pty) Ltd, _c1993 |
||
| 300 |
_bxv, 658 pages ; _c25 cm. |
||
| 650 |
_aLegal practice _bLaw |
||
| 942 |
_cBK _6ALISON_BN_VRIES |
||
| 999 |
_c276 _d276 |
||